[Event "AUTO-ADV-966"]
[Site "http://www.queenalice.com/game.php?id=531835"]
[Date "2009.1.30"]
[Round "2"]
[White "Krikko1989"]
[Black "Artking"]
[Result "1-0"]
[WhiteElo "2101"]
[BlackElo "1560"]

1. d4 Nf6 2. Nf3 g6 3. g3 Bg7 4. Bg2 c6 5. O-O O-O 6. Bg5 d6 7. c3 Nbd7 8. Nbd2
e5 9. dxe5 dxe5 10. e4 Qe8 11. b4 Kh8 12. a4 a6 13. Qb3 Nh5 14. a5 f5 15. Nc4
Ndf6 16. exf5 1-0

[Event "AUTO-ADV-966"]
[Site "http://www.queenalice.com/game.php?id=531836"]
[Date "2009.1.30"]
[Round "2"]
[White "Artking"]
[Black "Krikko1989"]
[Result "0-1"]
[WhiteElo "1562"]
[BlackElo "2099"]

1. e4 c5 2. Nf3 Nc6 3. d4 cxd4 4. Nxd4 Nf6 5. Nc3 e5 6. Ndb5 d6 7. Bg5 a6 8. Na3
b5 9. Nd5 Be7 10. Bxf6 Bxf6 11. c3 O-O 12. h4 h6 13. Nxf6+ Qxf6 14. Nc2 Bb7 15.
Bd3 Ne7 16. Qe2 d5 17. exd5 Nxd5 18. Qe4 Nf4 0-1

[Event "AUTO-ADV-966"]
[Site "http://www.queenalice.com/game.php?id=531837"]
[Date "2009.1.30"]
[Round "2"]
[White "Krikko1989"]
[Black "oggie"]
[Result "1-0"]
[WhiteElo "2098"]
[BlackElo "1978"]

1. d4 d5 2. Nc3 Nf6 3. Bg5 e6 4. e4 dxe4 5. Nxe4 Be7 6. Bxf6 Bxf6 7. Nf3 b6 8.
Be2 Bb7 9. Nxf6+ Qxf6 10. O-O Nd7 11. c3 O-O 12. Qc2 Qg6 13. Bd3 Qf6 14. Bxh7+
Kh8 15. Be4 Bxe4 16. Qxe4 Qh6 17. Qc6 Nf6 18. Qxc7 Qg6 19. Qf4 Rad8 20. Rfe1 Rd5
21. Ne5 Qf5 22. Qxf5 exf5 23. Re3 Ne4 24. Nc6 a6 25. Rh3+ Kg8 26. Ne7# 1-0

[Event "AUTO-ADV-966"]
[Site "http://www.queenalice.com/game.php?id=531838"]
[Date "2009.1.30"]
[Round "2"]
[White "oggie"]
[Black "Krikko1989"]
[Result "0-1"]
[WhiteElo "1932"]
[BlackElo "2075"]

1. e4 Nf6 2. e5 Nd5 3. d4 d6 4. c4 Nb6 5. Nf3 Nc6 6. Bf4 Bg4 7. Be2 Bxf3 8. gxf3
dxe5 9. dxe5 Qxd1+ 10. Kxd1 O-O-O+ 11. Ke1 Nd4 12. Bd3 Nxf3+ 13. Ke2 Nd4+ 14.
Kd2 e6 15. Nc3 Be7 16. Rab1 g5 17. Be3 Nf3+ 18. Ke2 Nxe5 19. Bxb6 Rxd3 20. Be3
Rhd8 21. Nb5 a6 22. Nd4 R3xd4 23. Bxd4 Rxd4 24. b3 Re4+ 25. Kd2 Bb4+ 26. Kc2
Re2+ 27. Kd1 Rxf2 28. h3 Nd3 29. Rh2 Rxh2 30. Rb2 Rxb2 31. a3 Rd2# 0-1

[Event "AUTO-OPEN-1180"]
[Site "http://www.queenalice.com/game.php?id=541999"]
[Date "2009.2.17"]
[Round "3"]
[White "whyBish"]
[Black "Krikko1989"]
[Result "1-0"]
[WhiteElo "2205"]
[BlackElo "2101"]

1. f4 e5 2. e4 Bc5 3. Nf3 d6 4. Bc4 Nc6 5. Nc3 Nf6 6. d3 a6 7. Nd5 O-O 8. h3 Re8
9. f5 Nxd5 10. Bxd5 a5 11. a3 Nd4 12. Be3 c6 13. Ba2 d5 14. O-O Qb6 15. Ng5 h6
16. Nxf7 1-0

[Event "AUTO-OPEN-1180"]
[Site "http://www.queenalice.com/game.php?id=542000"]
[Date "2009.2.17"]
[Round "3"]
[White "Krikko1989"]
[Black "whyBish"]
[Result "1/2-1/2"]
[WhiteElo "2085"]
[BlackElo "2187"]

1. d4 Nf6 2. c4 e6 3. Nc3 Bb4 4. Qc2 Nc6 5. Nf3 d6 6. Bd2 O-O 7. a3 Bxc3 8. Bxc3
Qe7 9. e4 e5 10. d5 Nb8 11. Bd3 Bg4 12. Nd2 h6 13. O-O c6 14. h3 Bh5 15. f4 Nbd7
16. f5 Kh7 17. g4 Bxg4 18. hxg4 Nxg4 19. Rf3 Qg5 20. Rg3 Ne3 21. Rxg5 Nxc2 22.
Rxg7+ Kxg7 23. Bxc2 c5 24. Kf2 Kf6 25. Rh1 Rh8 26. Nf3 Nb6 27. b3 a5 28. a4 Nd7
29. Bd1 b6 30. Bd2 Kg7 31. Rg1+ Kf8 32. Rh1 Kg7 33. Rg1+ Kf8 34. Rh1 1/2-1/2

[Event "AUTO-OPEN-1178"]
[Site "http://www.queenalice.com/game.php?id=555187"]
[Date "2009.3.13"]
[Round "3"]
[White "QQ123"]
[Black "Krikko1989"]
[Result "1-0"]
[WhiteElo "2319"]
[BlackElo "2082"]

1. e4 c5 2. Nf3 e6 3. c3 d5 4. exd5 exd5 5. d4 Nc6 6. Bb5 Bd6 7. dxc5 Bxc5 8.
O-O Ne7 9. Nbd2 O-O 10. Nb3 Bb6 11. Re1 Bg4 12. h3 Bh5 13. Be3 Bxe3 14. Rxe3 a6
15. Bd3 Qd6 16. Qc2 Bg6 17. Rae1 1-0

[Event "AUTO-OPEN-1178"]
[Site "http://www.queenalice.com/game.php?id=555188"]
[Date "2009.3.13"]
[Round "3"]
[White "Krikko1989"]
[Black "QQ123"]
[Result "0-1"]
[WhiteElo "2107"]
[BlackElo "2308"]

1. d4 Nf6 2. c4 e6 3. Nc3 Bb4 4. Qc2 O-O 5. a3 Bxc3+ 6. Qxc3 b6 7. Bg5 Bb7 8. f3
h6 9. Bh4 d5 10. e3 Nbd7 11. c5 bxc5 12. dxc5 c6 0-1

[Event "AUTO-ADV-1008"]
[Site "http://www.queenalice.com/game.php?id=569656"]
[Date "2009.4.10"]
[Round "2"]
[White "m"]
[Black "Krikko1989"]
[Result "1/2-1/2"]
[WhiteElo "2069"]
[BlackElo "2096"]

1. e4 c5 2. Nf3 e6 3. d4 cxd4 4. Nxd4 Nf6 5. Bd3 a6 6. O-O d6 7. Nd2 Be7 8. Re1
Qc7 9. N2f3 Nbd7 10. Ng5 Ne5 11. h3 h6 12. Ngf3 Nxd3 13. cxd3 O-O 14. Be3 e5 15.
Nb3 Be6 16. Rc1 Qd7 17. Nbd2 Rfc8 18. b3 Rxc1 19. Qxc1 Rc8 20. Qb2 Qc6 21. Nc4
Bd8 22. Rc1 Qd7 23. Kh2 b5 24. Nb6 Bxb6 25. Bxb6 Qb7 26. Be3 Kh7 27. Qd2 Rxc1
28. Qxc1 a5 29. g4 g5 30. Bxg5 hxg5 31. Qxg5 Ng8 32. Qh4+ Kg7 33. Qg5+ Kh7 34.
Qh5+ Kg7 35. Qg5+ Kh7 1/2-1/2

[Event "AUTO-ADV-1008"]
[Site "http://www.queenalice.com/game.php?id=569657"]
[Date "2009.4.10"]
[Round "2"]
[White "Krikko1989"]
[Black "m"]
[Result "0-1"]
[WhiteElo "2072"]
[BlackElo "2020"]

1. Nf3 d5 2. d4 e6 3. e3 c5 4. b3 Nf6 5. Bd3 Nc6 6. a3 cxd4 7. exd4 Bd6 8. Qe2
h6 9. Bb2 O-O 10. Ne5 Bd7 11. Nd2 Qc8 12. h4 Ne8 13. Ndf3 f5 14. g4 Bxe5 15.
Nxe5 Nxe5 16. dxe5 Nc7 17. gxf5 exf5 18. Rg1 Be6 19. Qh5 Rf7 20. Qxh6 Qd7 21.
Qg5 Qe7 22. f4 Qxg5 23. Rxg5 a6 24. Ke2 Rc8 25. h5 Kf8 26. Bc3 Nb5 27. Bb4+ Ke8
28. Bxb5+ axb5 29. Kd3 Kd7 30. Rag1 Rh8 31. Rxg7 Rxh5 32. Rxf7+ Bxf7 33. Rg7 Ke6
34. Kd4 Rh4 35. Kc5 Rxf4 36. Kxb5 Re4 37. Bd6 f4 38. Rh7 Bg6 39. Re7+ Kf5 40.
Kc5 f3 0-1

[Event "AUTO-ADV-1008"]
[Site "http://www.queenalice.com/game.php?id=569658"]
[Date "2009.4.10"]
[Round "2"]
[White "Silver_Mosquito"]
[Black "Krikko1989"]
[Result "1-0"]
[WhiteElo "2170"]
[BlackElo "2107"]

1. d4 d5 2. c4 e6 3. Nc3 Nf6 4. cxd5 exd5 5. Bg5 c6 6. e3 Bf5 7. Qb3 b6 8. Nf3
Be7 9. Nh4 Bg4 10. h3 Bh5 11. Nf5 O-O 12. Nxe7+ Qxe7 13. Bd3 Nbd7 14. O-O Bg6
15. Bxg6 hxg6 16. Rac1 Qe6 17. Ne2 Rfc8 18. Nf4 Qd6 19. Nd3 Ne4 20. Bf4 Qe6 21.
Rfd1 g5 22. Bh2 g6 23. f3 Nef6 24. Re1 c5 25. dxc5 Nxc5 26. Nxc5 Rxc5 27. Rxc5
bxc5 28. Qb7 Qc8 29. Qe7 a5 30. Qxf6 1-0

[Event "AUTO-ADV-1008"]
[Site "http://www.queenalice.com/game.php?id=569659"]
[Date "2009.4.10"]
[Round "2"]
[White "Krikko1989"]
[Black "Silver_Mosquito"]
[Result "1-0"]
[WhiteElo "2089"]
[BlackElo "2185"]

1. d4 d5 2. c4 c6 3. Nf3 Nf6 4. Nc3 e6 5. e3 Nbd7 6. Bd3 dxc4 7. Bxc4 b5 8. Bd3
Bb7 9. e4 b4 10. Na4 Qa5 11. O-O c5 12. e5 Nd5 13. Nxc5 Nxc5 14. dxc5 Bxc5 15.
Qe2 Rc8 16. Bd2 Be7 17. Bb5+ Bc6 18. Rfc1 Kd7 19. Bxc6+ Rxc6 20. Rxc6 Kxc6 21.
Rc1+ Kd7 22. Qc4 Rb8 23. Qc6+ Kd8 24. Ng5 Bxg5 25. Bxg5+ 1-0

[Event "Challenge"]
[Site "http://www.queenalice.com/game.php?id=581321"]
[Date "2009.5.2"]
[Round "-"]
[White "mufra22"]
[Black "Krikko1989"]
[Result "1-0"]
[WhiteElo "1939"]
[BlackElo "2054"]

1. e4 c5 2. Nf3 e6 3. d4 cxd4 4. Nxd4 Nf6 5. Nc3 d6 6. f4 Nc6 7. Be2 Be7 8. O-O
Qb6 9. Be3 e5 10. fxe5 dxe5 11. Nf5 Qxb2 12. Qd2 O-O 13. Nd5 Nxd5 14. exd5 Bxf5
15. dxc6 bxc6 16. Rab1 Qxc2 17. Qxc2 Bxc2 18. Rbc1 Be4 19. Bc4 Bd5 20. Bb3 Bd8
21. Rfd1 Bb6 22. Bxb6 axb6 23. Bxd5 cxd5 24. Rxd5 Rxa2 25. Rxe5 Rb2 26. Ree1 b5
27. Rb1 Rxb1 28. Rxb1 Rb8 29. Kf2 Kf8 30. Rb4 1-0

[Event "Challenge"]
[Site "http://www.queenalice.com/game.php?id=581322"]
[Date "2009.5.2"]
[Round "-"]
[White "Krikko1989"]
[Black "mufra22"]
[Result "0-1"]
[WhiteElo "2095"]
[BlackElo "1916"]

1. d4 d5 2. c4 c6 3. Nf3 Nf6 4. Nc3 Bf5 5. cxd5 cxd5 6. Qb3 Qd7 7. Ne5 Qc7 8.
Nxd5 Nxd5 9. Qxd5 e6 10. Qb5+ Nc6 11. Nxc6 Qxc6 12. Qxc6+ bxc6 13. Bd2 Be7 14.
Rc1 Rc8 15. g3 Be4 16. f3 Bg6 17. e4 O-O 18. Bc4 c5 19. dxc5 Bxc5 20. Bb3 Bd4
21. Bc3 Bxc3+ 22. Rxc3 Rxc3 23. bxc3 Rd8 24. O-O Kf8 25. Rd1 Rxd1+ 26. Bxd1 e5
27. Kf2 Ke7 28. Ke3 Kd6 29. f4 f6 0-1

[Event "Let's Play Chess!"]
[Site "http://www.queenalice.com/game.php?id=1181628"]
[Date "2013.6.22"]
[Round "-"]
[White "Krikko1989"]
[Black "HelderNanques"]
[Result "0-1"]
[WhiteElo "1945"]
[BlackElo "2147"]

1. d4 b6 2. Nf3 Bb7 3. g3 f5 4. Bg2 Nf6 5. O-O e6 6. c4 Be7 7. Nc3 O-O 8. Qa4 d6
9. Ng5 Bxg2 10. Kxg2 Qc8 11. d5 e5 12. Ne6 Rf7 13. Bg5 a6 14. e4 fxe4 15. Bxf6
Bxf6 16. Nxe4 Qd7 17. Qxd7 Rxd7 18. f4 exf4 19. Rxf4 a5 20. Nxf6+ gxf6 0-1

[Event "Let's Play Chess!"]
[Site "http://www.queenalice.com/game.php?id=1193311"]
[Date "2013.6.22"]
[Round "-"]
[White "charles31"]
[Black "Krikko1989"]
[Result "1-0"]
[WhiteElo "1883"]
[BlackElo "1983"]

1. e4 e5 2. Nf3 Nc6 3. a3 Nf6 4. Nc3 d5 5. exd5 Nxd5 6. Nxd5 Qxd5 7. h3 Bc5 8.
d3 O-O 9. Be3 Bxe3 10. fxe3 e4 11. Nd4 Nxd4 12. exd4 Qxd4 13. c3 Qe3+ 14. Qe2
Qg3+ 15. Qf2 Qxf2+ 16. Kxf2 Bf5 17. d4 Rad8 18. Bc4 Rfe8 19. Ke3 Be6 20. Be2 Rd6
21. c4 Bc8 22. g4 g6 23. Rhf1 b6 24. b4 Kg7 25. h4 f5 26. gxf5 gxf5 27. Rf4 Rg6
28. h5 Rg5 29. Raf1 Rg8 30. a4 Kf8 31. Rxe4 Rg3+ 32. Kd2 1-0

[Event "Let's Play Chess!"]
[Site "http://www.queenalice.com/game.php?id=1193958"]
[Date "2013.6.25"]
[Round "-"]
[White "josebaron"]
[Black "Krikko1989"]
[Result "1-0"]
[WhiteElo "2030"]
[BlackElo "1998"]

1. e4 e6 2. Bc4 d5 3. exd5 exd5 4. Be2 Nf6 5. d4 Bf5 6. Nf3 Bd6 7. h3 Nbd7 8.
O-O O-O 9. Bd3 Ne4 10. Nbd2 Ndf6 11. Nh2 Qd7 12. g4 Bg6 13. Nxe4 Nxe4 14. Bxe4
Bxe4 15. f3 Bg6 16. Re1 Bg3 17. Re2 Rfe8 18. Bd2 Rxe2 19. Qxe2 Bxc2 20. Bc3 Bg6
21. Nf1 Re8 22. Qd2 Bh4 23. a4 Qe7 24. a5 Qe2 25. Qxe2 Rxe2 26. Nd2 Bd3 27. Nb3
Bf2+ 28. Kh1 Bg3 29. Nc5 Rh2+ 30. Kg1 1-0

[Event "Let's Play Chess!"]
[Site "http://www.queenalice.com/game.php?id=1193959"]
[Date "2013.6.25"]
[Round "-"]
[White "josebaron"]
[Black "Krikko1989"]
[Result "1-0"]
[WhiteElo "2014"]
[BlackElo "2014"]

1. Nf3 Nf6 2. Nc3 c5 3. d4 cxd4 4. Nxd4 d5 5. e3 e5 6. Nf3 Nc6 7. Be2 Bb4 8. h3
Bxc3+ 9. bxc3 Qa5 10. Bd2 Ne4 11. c4 Nxd2 12. Qxd2 Qxd2+ 13. Nxd2 Nb4 14. O-O
Nxc2 15. Rac1 Nb4 16. cxd5 Nxd5 17. Bb5+ Bd7 18. Bxd7+ Kxd7 19. e4 Nf4 20. Rc2
Rac8 21. Rfc1 Ne2+ 22. Kh2 Nxc1 23. Rxc8 Rxc8 24. a4 Rc2 25. Nf3 f6 26. Kg3 Ne2+
27. Kg4 Nd4 28. Nxd4 exd4 29. Kf3 1-0

[Event "AUTO-OPEN-3019"]
[Site "http://www.queenalice.com/game.php?id=1193966"]
[Date "2013.6.25"]
[Round "1"]
[White "Artking"]
[Black "Krikko1989"]
[Result "1-0"]
[WhiteElo "1920"]
[BlackElo "1937"]

1. e4 Nf6 2. e5 Nd5 3. d4 d6 4. c4 Nb6 5. f4 dxe5 6. fxe5 Nc6 7. Nf3 Bg4 8. Be2
e6 9. Be3 Be7 10. Nc3 Qd7 11. O-O O-O-O 12. h3 Bf5 13. d5 exd5 14. cxd5 Nxd5 15.
Nxd5 Qxd5 16. Qxd5 Rxd5 17. Bc4 Be6 18. Bxd5 Bxd5 19. Bf4 Bc5+ 20. Kh1 Nb4 21.
Ne1 Bc4 22. Rf3 Be2 23. Rc3 Bd4 24. Nf3 Bxc3 25. bxc3 Nd5 26. Bg3 1-0

[Event "AUTO-OPEN-3019"]
[Site "http://www.queenalice.com/game.php?id=1193967"]
[Date "2013.6.25"]
[Round "1"]
[White "Krikko1989"]
[Black "Artking"]
[Result "0-1"]
[WhiteElo "1963"]
[BlackElo "1902"]

1. d4 Nf6 2. Nf3 g6 3. g3 Bg7 4. Bg2 c6 5. c4 d6 6. Nc3 a6 7. O-O O-O 8. Bg5
Nbd7 9. Qd2 e5 10. dxe5 dxe5 11. Rfd1 Qe8 12. Qd6 Nh5 13. Be7 Nb6 14. b3 e4 15.
Nd4 Bd7 16. Bxf8 Bxf8 17. Qc7 e3 18. Qxb6 exf2+ 19. Kxf2 Qe5 20. Qxb7 Rd8 21. e3
Bc5 22. Na4 Bxd4 23. Rxd4 Nf6 24. Rad1 Qf5+ 25. Kg1 Qe6 0-1

[Event "AUTO-OPEN-3019"]
[Site "http://www.queenalice.com/game.php?id=1193994"]
[Date "2013.6.25"]
[Round "1"]
[White "Krikko1989"]
[Black "Dcar"]
[Result "0-1"]
[WhiteElo "1890"]
[BlackElo "1866"]

1. e4 Nc6 2. d4 g6 3. Nf3 Bg7 4. c4 Nf6 5. d5 Nb8 6. Ng5 O-O 7. Nc3 c6 8. e5 Nh5
9. e6 dxe6 10. dxe6 Bxe6 11. Qxd8 Rxd8 12. Nxe6 fxe6 13. Be2 Rf8 14. Bxh5 gxh5
0-1

[Event "AUTO-OPEN-3019"]
[Site "http://www.queenalice.com/game.php?id=1193995"]
[Date "2013.6.25"]
[Round "1"]
[White "Dcar"]
[Black "Krikko1989"]
[Result "1-0"]
[WhiteElo "1883"]
[BlackElo "1873"]

1. Nf3 Nf6 2. g3 g6 3. Bg2 Bg7 4. O-O O-O 5. Nc3 c5 6. d3 Nc6 7. Na4 d6 8. c3 b5
9. Nh4 Bb7 10. b3 bxa4 11. bxa4 Qd7 12. d4 cxd4 13. cxd4 Ba6 14. Ba3 1-0

[Event "AUTO-OPEN-3019"]
[Site "http://www.queenalice.com/game.php?id=1193996"]
[Date "2013.6.25"]
[Round "1"]
[White "Krikko1989"]
[Black "ACamargo"]
[Result "0-1"]
[WhiteElo "1920"]
[BlackElo "1912"]

1. Nc3 Nf6 2. d4 d5 3. Bg5 e6 4. e4 Be7 5. e5 Nfd7 6. Bxe7 Qxe7 7. f4 O-O 8. Nf3
c5 9. Bd3 c4 10. Be2 a6 11. O-O Nc6 12. f5 Kh8 13. Qd2 Nb6 14. fxe6 fxe6 15. Ng5
Bd7 16. Bg4 h6 17. Nh3 Qh4 18. Rf4 Rxf4 19. Qxf4 Rg8 20. Ne2 Bc8 0-1

[Event "AUTO-OPEN-3019"]
[Site "http://www.queenalice.com/game.php?id=1193997"]
[Date "2013.6.25"]
[Round "1"]
[White "ACamargo"]
[Black "Krikko1989"]
[Result "1-0"]
[WhiteElo "1945"]
[BlackElo "1904"]

1. d4 Nf6 2. c4 e5 3. d5 Bc5 4. h3 O-O 5. Nc3 e4 6. e3 Qe7 7. a3 a5 8. Be2 c6 9.
f3 cxd5 10. cxd5 exf3 11. Bxf3 Bxe3 12. Bxe3 Qxe3+ 13. Nge2 Na6 14. Qc1 Qe5 15.
O-O d6 16. Qc2 Bf5 17. Qd1 Qe3+ 18. Kh1 Ne4 19. Bxe4 Bxe4 20. Nxe4 Qxe4 21. Nc3
Qg6 22. Qd2 1-0

[Event "Challenge"]
[Site "http://www.queenalice.com/game.php?id=1194455"]
[Date "2013.6.26"]
[Round "-"]
[White "Atalxxi1"]
[Black "Krikko1989"]
[Result "1-0"]
[WhiteElo "1536"]
[BlackElo "1857"]

1. e4 b6 2. e5 Bb7 3. Nf3 g6 4. d4 Bg7 5. Nc3 d6 6. g3 dxe5 7. Nxe5 Bxe5 8. dxe5
Qxd1+ 9. Nxd1 Bxh1 10. Bf4 Nd7 11. Nc3 O-O-O 12. Ba6+ Bb7 13. Bxb7+ Kxb7 14.
O-O-O h6 15. b3 e6 16. h3 Ne7 17. Ne4 Nd5 18. c4 Nxf4 19. gxf4 Nb8 20. Nd2 Rd3
21. h4 1-0